00258nam a2200109Ia 4500008004100000100001100041245003400052260002600086650001200112942000700124999001700131190216s9999||||xx |||||||||||||| ||und|| aKaur H 4aThe First World War 1914-1918 bOriental Watchman Pub aHistory cBK c20355d20355